00547nam a2200193Ia 4500001001000000003000500010008004100015010001100056040000900067082001700076100001500093245009000108260004500198300001100243650001900254650003400273650002900307700001700336Para_2095CHAP220125s1993 xx 000 0 und d a200728 cCHAP aPA 632.58 P3 aParker, C. aParasitic weed of the world :b biology and control /c by C. Parker and C.R. Riches aWallingford, Oxon :b CAB International a332 p. aMalas hierbas  aMalas hierbas x competencia  aMalas hierbas x control aRiches, C.R.